000 01144cam a22002651i 4500
003 SA-RiAUC
005 20251001124802.0
008 250727s1971 su g 000r0 ara c
040 _aSA-JeALM
_bara
_cSA-RiAUC
_erda
082 0 4 _a251
090 _a251
_bش ن ق
100 1 _aالشنقيطي، محمد الأمين بن محمد المختار بن عبد القادر،
_d1907-1973
_eمؤلف.
245 1 0 _aمذكرة أصول الفقه /
_cمحمد الأمين بن المختار الشنقيطي.
264 1 _aالمدينة المنورة :
_bالجامعة الإسلامية،
_bمحمد الامين الشنقيطي.
_c1971
300 _a368 صفحة ؛
_c24 سم.
336 _aنص
_btxt
_2rdacontent
_3كتاب
337 _aبدون وسيط
_bn
_2rdamedia
338 _aمجلد
_bnc
_2rdacarrier
500 _aملاحظات من الشيخ رحمه الله في بداية الكتاب
650 7 _aأصول الفقه الإسلامي
_2aucsh
650 7 _aالفقه الإسلامي
_2aucsh
942 _2ddc
_cBOOK
_n0
949 _aSA-JeALM
_d250727
_uosman123
_n1
999 _c12284
_d12284